000 01390nam a2200253 i 4500
003 DO-SdBNP
005 20260205074308.0
007 ta
008 260205b19-- dr ||||| |||| 00| 0 spa d
040 _aDO-SdBNP
_bspa
_cBNPHU
_erda
041 _hspa
_aspa
082 4 _axxx
_bR426r
_222
110 1 _aRepública Dominicana.
_bSecretaría de Estado de Trabajo
_9491
245 1 0 _aReglamento sobre higiene y seguridad industrial
264 1 _aSanto Domingo :
_bSecretaria de Estado de Trabajo,
_c19--?.
300 _a47 páginas ;
_c22 cm.
336 _atexto
_btxt
_2rdacontent
337 _asin mediación
_bn
_2rdamedia
338 _avolumen
_bnc
_2rdacarrier
505 _aReglamento sobre higiene y seguridad industrial 2 -- De la higiene y industrial 6 -- Temperatura y humedad 12 -- Ruidos y vibraciones 12 -- Trabajos en minas, canteras, subterráneos, perforaciones, fosos, sótanos y silos 13 -- De la radioactividad 17 -- Carga y descarga de los buques en los puertos 17 -- Calderas 18 -- De los cilindros 21 -- De la higiene en los establecimientos de comercio y en las oficinas 23 -- Comités de higiene y seguridad industrial 25 -- De la seguridad industrial 26 -- Disposiciones generales 39 -- Selección y colocación de los trabajadores 42 -- Empleos de menores y mujeres 43 -- Primeros auxilio 43
590 _aInventariado,2026/BT
910 _aBtavrez
942 _2ddc
_cLF2
999 _c60228
_d60228